| 000 | 00504 a2200097 4500 | ||
|---|---|---|---|
| 245 | 0 | 0 |
_aPodzespoły elektromechaniczne do sprzętu elektronicznego - Podstawowe badania i metody pomiarów Próby spadków swobodnych (podzespoły ruchome),obciążeń statycznych (podzespoły mocowane), trwałości i przeciążeniowe PN-87/T-05125 / _cMin. Przem. Maszynowego. |
| 246 | 1 | 3 | _aPN-87/T-05125 |
| 246 | 1 | 3 | _a621.38.04:621.317.3 |
| 260 |
_aWarszawa : _bMin. Przem. Maszynowego, _c1987. |
||
| 300 |
_a9 stron ; _c30 cm. |
||
| 650 | _aPolska norma | ||
| 999 |
_c20132 _d20132 |
||